000 00878nam a2200253Ia 4500
003 GCL
008 140319s9999 xx 000 0 ara d
020 _a0027408977
040 _aGCL /
_cGCL
082 0 4 _a691
_bو خ
100 1 _aمحمد احمد عبدالعزيز
245 1 0 _aخامات التصنيع :
_bWORKSHOP MATERIALS /
_cمحمد احمد عبدالعزيز
700 1 _aويس، اليكس
250 _aالاولى
260 _aالقاهرة :
_bدار الفاروق للنشر والتوزيع ،
_c2006
300 _a224 ص ؛
_c24 سم
650 0 4 _aالالومنيوم
650 0 4 _aالحديد والصلب
650 0 4 _aالمواد الخام
650 0 4 _aمواد البناء - صناعة وتجارة
650 0 4 _aمواد البناء - مواصفات الامان
650 0 4 _aالتصنيع - خامات
942 _2ddc
_cBK
999 _c7952
_d7952